01007 a2200193 45000010006000000050017000060080041000230030015000640400040000790800020001192450017001392640031001563000018001875050460002050410008006651000024006737000017006978560099007144600320260407155733.0260407a1980 arg spa dAR-UNSa-BCEJYS aAR-UNSa-BCEJYSbspacAR-UNSa-BCEJYS a330.14xCapital10aEl capital 3 1aMéxico :bGrijalboc1980 a90 p.c23 cm. aVOL. III. Libro Primero: EL PROCESO DE PRODUCCIÓN DEL CAPITAL: Capítulo tercero: El dinero, o sea, la circulación de las mercancías: 1. Medida de los valores – 2. Medio de circulación – 3. Dinero - - Sección Segunda: LA CONVERSIÓN DE DINERO EN CAPITAL: Capítulo cuarto: Conversión de dinero en capital: 1. La fórmula general del capital – 2. Contradicciones de la fórmula general – 3. Compra y venta de la fuerza de trabajo.  aspa1 aSacristán, Manuel1 aMarx, Carlos41uhttps://www.biblioeco.unsa.edu.ar/pmb/images/libros/L127240.jpgyImagen de portadaqimage/jpeg